<?xml version="1.0" encoding="UTF-8"?>
<marc:record xmlns:marc="http://www.loc.gov/MARC21/slim">
   <marc:leader>00000nam a2200000 a 4500</marc:leader>
   <marc:datafield ind1="1" ind2=" " tag="100">
      <marc:subfield code="a">Bihler, Elsbeth</marc:subfield>
      <marc:subfield code="4">ctb</marc:subfield>
      <marc:subfield code="e">Mitwirkende/-r</marc:subfield>
   </marc:datafield>
   <marc:datafield ind1="1" ind2=" " tag="100">
      <marc:subfield code="a">Jacob, Eve</marc:subfield>
      <marc:subfield code="4">ill</marc:subfield>
      <marc:subfield code="e">Illustrator/-in</marc:subfield>
   </marc:datafield>
   <marc:datafield ind1=" " ind2=" " tag="653">
      <marc:subfield code="a">Martini</marc:subfield>
   </marc:datafield>
   <marc:datafield ind1=" " ind2=" " tag="653">
      <marc:subfield code="a">Kinderfest</marc:subfield>
   </marc:datafield>
   <marc:datafield ind1=" " ind2=" " tag="653">
      <marc:subfield code="a">Beispielsammlung</marc:subfield>
   </marc:datafield>
   <marc:datafield ind1="0" ind2="0" tag="245">
      <marc:subfield code="a">Mit Kindern Sankt Martin feiern</marc:subfield>
   </marc:datafield>
   <marc:datafield ind1="0" ind2="0" tag="245">
      <marc:subfield code="b">Ideen für Familie, Kindergarten und Grundschule</marc:subfield>
   </marc:datafield>
   <marc:datafield ind1="0" ind2="0" tag="245">
      <marc:subfield code="c">Elsbeth Bihler. Mit Ill. von Eve Jacob</marc:subfield>
   </marc:datafield>
   <marc:datafield ind1=" " ind2="1" tag="264">
      <marc:subfield code="a">Limburg-Kevelaer</marc:subfield>
      <marc:subfield code="b">Lahn-Verl.</marc:subfield>
      <marc:subfield code="c">2006</marc:subfield>
   </marc:datafield>
   <marc:datafield ind1="1" ind2=" " tag="520">
      <marc:subfield code="a">Angaben aus der Verlagsmeldung

Mit Kindern Sankt Martin feiern : Ideen für Familie, Kindergarten und Grundschule / von Elsbeth Bihler

Das Sankt-Martins-Fest ist für Kinder wegen seines farbenfrohen Laternenumzuges und anderer Bräuche ein großes Ereignis. Zur Vorbereitung und Feier dieses Festes bietet das Buch zahlreiche Wahrnehmungs- und Stilleübungen, Bastelvorschläge, Backrezepte, Lieder und weiterführende Texte zu den Legenden um den heiligen Martin. Ausgewählte Bibelstellen, Gebete und Texte zu den Themen "Teilen" und "Licht sein für andere" zeigen Kindern, wie das Leben dieses großen Heiligen auch für sie Vorbild sein kann.
Wie bei allen Titeln der neuen Praxisreihe ermöglichen die übersichtlich, vierfarbig gestalteten Einheiten eine religionspädagogisch fundierte Einarbeitung der Themen und lassen sich im Kindergarten, in der Schule oder auch in der Familie direkt umsetzen.
</marc:subfield>
   </marc:datafield>
   <marc:datafield ind1=" " ind2=" " tag="020">
      <marc:subfield code="a">9783784033495</marc:subfield>
      <marc:subfield code="9">9783784033495</marc:subfield>
   </marc:datafield>
   <marc:datafield ind1=" " ind2=" " tag="020">
      <marc:subfield code="a">3784033490</marc:subfield>
      <marc:subfield code="9">3784033490</marc:subfield>
   </marc:datafield>
   <marc:datafield ind1=" " ind2=" " tag="041">
      <marc:subfield code="a">ger</marc:subfield>
   </marc:datafield>
   <marc:datafield ind1=" " ind2=" " tag="300">
      <marc:subfield code="a">47 S.</marc:subfield>
   </marc:datafield>
</marc:record>
